Equipe Type FC Barcelone saison 2025/2026 - Statistiques

Statistiques générales
  • Ce quiz a été pris 149 fois
    28 depuis la dernière actualisation
  • Le résultat moyen est 10 sur 11
Statistiques - réponses
% Correct
Jules Koundé
100%
Lamine Yamal
100%
Alejandro Balde
96%
Pedri
96%
Raphinha
96%
Pau Cubarsí
91%
Ferran Torres
87%
Frenkie de Jong
83%
Fermín López
78%
Joan García
78%
Ronald Araujo
70%
Aucun quiz correspondant
Distribution des résultats
% des personnes avec chaque résultat
Percentile par nombre de réponses
Votre historique - résultats
Vous n’avez pas pris ce quiz depuis la dernière actualisation